Country Flags by Color - Statistics

General Stats
  • This quiz has been taken 121 times
    95 since last reset
  • The average score is 46 of 85
Answer Stats
Flags Countries % Correct
Flag of Japan Japan
80%
China
78%
Flag of Canada Canada
74%
Flag of Brazil Brazil
69%
Flag of Portugal Portugal
69%
Flag of Saudi Arabia Saudi Arabia
69%
Flag of Argentina Argentina
67%
Australia
67%
New Zealand
67%
Flag of Denmark Denmark
65%
Flag of Finland Finland
65%
Turkey
65%
Flag of Austria Austria
63%
Flag of Bangladesh Bangladesh
63%
Flag of Greece Greece
63%
Flag of Iceland Iceland
63%
Tunisia
63%
Flag of Kazakhstan Kazakhstan
61%
Somalia
61%
Flag of Spain Spain
61%
Flag of Sweden Sweden
61%
Flag of Fiji Fiji
59%
Israel
59%
Flag of Latvia Latvia
59%
Flag of Mongolia Mongolia
59%
Flag of Norway Norway
59%
Pakistan
59%
Turkmenistan
59%
Flag of Vatican City Vatican City
59%
Vietnam
59%
Flag of the Taliban Afghanistan
57%
Flag of Cyprus Cyprus
57%
F.S. Micronesia
57%
Flag of South Korea South Korea
57%
Flag of Uruguay Uruguay
57%
Flag of Belarus Belarus
56%
Flag of Tuvalu Tuvalu
56%
Flag of Bhutan Bhutan
54%
Flag of Kyrgyzstan Kyrgyzstan
54%
Morocco
54%
Flag of Bahrain Bahrain
52%
Colombia
52%
Honduras
52%
Nepal
52%
Flag of Nigeria Nigeria
52%
Palau
52%
Flag of Peru Peru
52%
Flag of Qatar Qatar
52%
Flag of Saint Lucia St. Lucia
52%
Flag of Bosnia and Herzegovina Bosnia & Herzegovina
50%
Botswana
50%
Flag of Brunei Brunei
50%
D.R. Congo
50%
Flag of Jamaica Jamaica
50%
North Korea
50%
Flag of Switzerland Switzerland
50%
Flag of Barbados Barbados
48%
Flag of El Salvador El Salvador
48%
Flag of Georgia Georgia
48%
Flag of Kosovo Kosovo
48%
Flag of Maldives Maldives
48%
Flag of Oman Oman
48%
Singapore
48%
Flag of the Republic of China (Taiwan) Taiwan
48%
Bahamas
46%
Flag of Ecuador Ecuador
46%
Flag of Guatemala Guatemala
46%
Samoa
46%
Flag of Tonga Tonga
46%
Flag of Trinidad and Tobago Trinidad & Tobago
46%
Flag of Albania Albania
44%
Flag of Guyana Guyana
44%
Nauru
44%
Flag of Nicaragua Nicaragua
44%
Flag of North Macedonia North Macedonia
44%
Flag of Zambia Zambia
44%
Flag of Belize Belize
43%
Mauritania
43%
Flag of Dominica Dominica
41%
Marshall Islands
41%
Flag of Antigua and Barbuda Antigua & Barbuda
39%
Flag of Montenegro Montenegro
37%
Flag of Cape Verde Cape Verde
35%
East Timor
35%
São Tomé & Príncipe
33%
No matching quizzes found
Score Distribution
Percent of People with Each Score
Percentile by Number Answered
Your Score History
You have not taken this quiz since the last reset